| 000 | 00618nam a2200193 a 4500 | ||
|---|---|---|---|
| 005 | 20210223123003.0 | ||
| 008 | 991125m19802005mx 000 0 spa u | ||
| 035 | _aUPN01000045235 | ||
| 049 | _aCG | ||
| 050 | 4 |
_aLC4801 _bM3.68a |
|
| 100 | 1 |
_aMakarenko, Anton Semenovich, _d1888-1939 |
|
| 245 | 1 | 0 |
_aPoema pedagógico : _ben tres partes / _cA. Makarenko. |
| 260 |
_aMoscú : _bProgreso : _bQuinto Sol, _c[1980?] (2005 impr.). |
||
| 300 | _a3 v. | ||
| 650 | 4 |
_aEDUCACION - _xINNOVACIONES - _zRUSIA _916884 |
|
| 650 | 4 |
_aEDUCACION Y DELINCUENCIA _919515 |
|
| 650 | 4 |
_aDELINCUENTES - _xREHABILITACION _98377 |
|
| 905 | _aLibro | ||
| 999 |
_c45235 _d45235 |
||